• 首页
  • 本馆介绍
  • 公告通知
  • 最新文献
  • 馆藏检索
  • 电子资源
  • 读者导购
  • 参考咨询
  • 我的图书馆
  • 登录
  • 详细信息显示
  • 放入我的书架
  • 预约/预借图书
  • 作者相关作品
  • 分类相关作品
  • 丛书相关作品
  • 出版社相关作品

书目信息

  • 表格格式
  • 工作单格式
  • 卡片格式
题名:
新编中外晶体管置换手册
    
 
作者: 张维力 , 王京平 编译
分册:  
出版信息: 北京   人民邮电出版社  1988.07
页数: 886页
开本: 18cm
丛书名:
单 册:
中图分类: TN36-62
科图分类:
主题词: 半导体器件:光电器件
电子资源:
ISBN: 7-115-03678-0
000 00644nam0 2200205 45
001 0409211079
005 20040923084636.6
010    @a7-115-03678-0@b塑装@dCNY9.00
100    @a20040921d1988 km y0chiy0120 ea
101 0  @achi
105    @a z 000yy
200 1  @a新编中外晶体管置换手册@AXin Bian Zhong Wai Jing Ti Guan Zhi Huan Shou Ce@f张维力,王京平编译@FZhang Wei Li,Wang Jing Ping Bian Yi
210    @a北京@c人民邮电出版社@d1988.07
215    @a886页@d18cm
606 0  @a半导体器件:光电器件
690    @aTN36-62@v3
701  0 @a张维力@4编译
701  0 @a王京平@4编译
801    @aCN@bTSTCL@c20040921
905    @dTN36-62@e15=2@f1@b216444
    
    新编中外晶体管置换手册/张维力,王京平编译.-北京:人民邮电出版社,1988.07
    886页;18cm
    
    
    ISBN 7-115-03678-0(塑装):CNY9.00
    
●
相关链接 在E读中查询图书 在五车中查询图书 在当当中查询图书 在豆瓣中查询图书


正题名:新编中外晶体管置换手册     索取号:TN36-62/15=2         预约/预借

序号 登录号 条形码 馆藏地/架位号 状态 备注
1 0216444   001961112   工具书阅览室/ [索取号:TN36-62/15=2] 在馆    
唐山师范学院图书馆 欢迎您!
大连网信软件有限公司© 版权所有